000 01044nam0a22002771 4500
001 rc\3031935
005 20250806201652.0
035 _a(NLR Aleph) 007172830
090 _a13461
_c13461
100 _a20111002d1944 u y0rusy50 ca
101 1 _arus
_ctuk
102 _aRU
105 _ac z |||||
200 1 _aМой наказ
_eИзбр. стихи
_fАта Салих, нар. шахир
_gПер. с туркм. Георгия Веселкова
_g[Вступ. статья: А. Аборский, "Народный шахир", с. 5-8]
210 _aАшхабад
_cТуркменОГИЗ
_d1944
215 _a56 с.
_cпортр.
_d14 см
700 1 _aСалих
_bА.
_f1908-1964
_gАта
702 1 _aВеселков
_bГ.Н.
_gГеоргий Николаевич
_4730
702 1 _aАборский
_bА.
_4080
801 0 _aRU
_bNLR
_gpsbo
801 1 _aRU
_bELAR
_2rusmarc
852 _aNLR
_bЛ
_j40 Г-2/213
942 _cBOOK
945 _aРоссийская национальная библиотека
980 _aNB
980 _aBV